Movement on restoration of National values / (Record no. 42499)

MARC details
000 -LEADER
fixed length control field 00718nam a22001937a 4500
005 - DATE AND TIME OF LATEST TRANSACTION
control field 2010081804254.0
010 ## - LCCN (DPL NO)
LC control number ENG-100846
020 ## - INTERNATIONAL STANDARD BOOK NUMBER
Terms of availability 40.00
035 ## - SYSTEM CONTROL NUMBER
System control number EN-84379
037 ## - SOURCE OF ACQUISITION
Source of stock number/acquisition DBAD/PUB
082 ## - DEWEY DECIMAL CLASSIFICATION NUMBER
Classification number 181.4
100 ## - MAIN ENTRY--PERSONAL NAME
Personal name Tirtha, Bhoomananda
245 ## - TITLE STATEMENT
Title Movement on restoration of National values /
Statement of responsibility, etc by Bhoomananda Tirtha
260 ## - PUBLICATION, DISTRIBUTION, ETC. (IMPRINT)
Place of publication, distribution, etc New Delhi
Name of publisher, distributor, etc Foundation for restoration of National Value
Date of publication, distribution, etc 2008
270 ## - ADDRESS
Address M-75, Greater Kailash, Part 1
City New Delhi
Postal code 110048
300 ## - PHYSICAL DESCRIPTION
Extent x,66p.
Dimensions 21 (pbk)
942 ## - ADDED ENTRY ELEMENTS (KOHA)
Source of classification or shelving scheme Dewey Decimal Classification
Item type English Books
Classification part 181.4
Call number suffix TIR
Holdings
Withdrawn status Lost status Not for loan Collection code Home library Current library Date acquired Source of acquisition Cost, normal purchase price Full call number Barcode Copy number Cost, replacement price Koha item type
    Not For Loan Non-fiction D.B.Act.Division D.B.Act.Division 18/08/2010 DBAD/PUB 40.00 181.4 TIR EN-84379 1 40.00 English Books

© Delhi Public Library
Hit Counter
free hit counter